Discurso pronunciado por el señor gobernador de Buenos Aires doctor Rodolfo Moreno : (Registro nro. 6937)
[ vista simple ]
| 000 -LEADER | |
|---|---|
| campo de control de longitud fija | 00727nam a2200205Ia 4500 |
| 001 - NÚMERO DE CONTROL | |
| campo de control | 6937 |
| 003 - IDENTIFICADOR DE NÚMERO DE CONTROL | |
| campo de control | AR-BaAGN |
| 005 - FECHA Y HORA DE LA ÚLTIMA TRANSACCIÓN | |
| campo de control | 20231117124209.0 |
| 007 - CAMPO FIJO DE DESCRIPCIÓN FÍSICA--INFORMACIÓN GENERAL | |
| campo de control de longitud fija | ta |
| 008 - DATOS DE LONGITUD FIJA--INFORMACIÓN GENERAL | |
| campo de control de longitud fija | 211213s1942 ag |||||||||||||| ||spa d |
| 040 ## - FUENTE DE CATALOGACIÓN | |
| Centro/agencia modificador | AR-BaAGN |
| Centro catalogador/agencia de origen | AR-BaAGN |
| Lengua de catalogación | español |
| Normas de descripción | aacr |
| 942 ## - ELEMENTOS DE ENTRADA SECUNDARIOS (KOHA) | |
| Tipo de ítem Koha | Libro |
| 100 ## - ENTRADA PRINCIPAL--NOMBRE DE PERSONA | |
| Nombre de persona | Moreno, Rodolfo, |
| Fechas asociadas al nombre | 1879-1953 |
| ID autoridades | 6621 |
| 245 10 - MENCIÓN DEL TÍTULO | |
| Título | Discurso pronunciado por el señor gobernador de Buenos Aires doctor Rodolfo Moreno : |
| Resto del título | en ocasión de la visita oficial a las obras de embellecimiento de la ciudad de Mar del Plata el 4 de abril de 1942 |
| Mención de responsabilidad, etc. | Rodolfo Moreno |
| 260 ## - PUBLICACIÓN, DISTRIBUCIÓN, ETC. | |
| Lugar de publicación, distribución, etc. | La Plata : |
| Nombre del editor, distribuidor, etc. | Taller de Impresiones Oficiales, |
| Fecha de publicación, distribución, etc. | 1942. |
| 300 ## - DESCRIPCIÓN FÍSICA | |
| Extensión | 8 páginas |
| 336 ## - TIPO DE CONTENIDO | |
| Fuente | rdacontent |
| Código de tipo de contenido | texto |
| 337 ## - TIPO DE MEDIO | |
| Fuente | rdamedia |
| Código del tipo de medio | no mediado |
| 338 ## - TIPO DE SOPORTE | |
| Fuente | rdacarrier |
| Código del tipo de soporte | volumen |
| Estado de retiro | Estado de pérdida | Estado de conservación | Biblioteca actual | Ubicación en estantería | Signatura topográfica completa | Código de barras | Tipo de ítem Koha |
|---|---|---|---|---|---|---|---|
| Biblioteca del Archivo General de la Nación | Ernesto H. Celesia - Folletos | EC.f 89-34 | CF00089-34 | Folleto |
